00319nam a2200121Ia 4500008004100000020002200041041000800063082002400071100001500095245002800110260005100138300000800189230519s9999 xx 000 0 und d a978-81-239-2010-8 aeng aM/616.01/T R/DB0350 aT Ravinder aMicrobiology for Nurses bCBS Publishers & DistributorsaNew Delhic2011 a160